| 000 | 00604nam a2200193 i 4500 | ||
|---|---|---|---|
| 001 | 184618 | ||
| 003 | ES-MaACL | ||
| 005 | 20230906222235.0 | ||
| 008 | 151027s1936 sp |||| | spa d | ||
| 100 | 1 |
_aLlorca, Bernardino. _972853 |
|
| 245 | 1 | 3 |
_aLa Inquisición en España / _cpor B. Llorca. |
| 260 |
_aBarcelona : _bLabor, _c1936. |
||
| 300 |
_a317 p. : _b5 lám. ; _c19 cm. |
||
| 490 | 1 |
_aColección Pro Ecclesia et Patria ; _v12 |
|
| 650 | 4 |
_aInquisición- _zEspaña. _913798 |
|
| 830 | 0 |
_aColección Pro Ecclesia et Patria ; _v12 _9192193 |
|
| 852 |
_aES-MaACL _jC-29145 |
||
| 999 |
_c184618 _d184618 |
||